The management of strategy : concepts and cases/

Saved in:
Bibliographic Details
Main Author: Ireland, R.Duane
Other Authors: Hoskisson, Robert E., Hitt,, Michael A.
Format: Book
Published: South-Western: Cengage Learning, c2013
Edition:10th ed.
Subjects:
Tags: Add Tag
No Tags, Be the first to tag this record!

MARC

LEADER 00000nam a22000007a 4500
005 20250925123454.0
020 |a 9780324581270  |c TZS 96,000/= 
040 |a MCCL  |b eng.  |e AACR 2nd rev. ed. 
082 |a 658.4012 IRE 
100 |a Ireland, R.Duane 
245 |a The management of strategy :   |b concepts and cases/  |c R. Duane Ireland, Robert E. Hoskisson, Michael A. Hitt 
250 |a 10th ed. 
260 |a South-Western:  |b Cengage Learning,  |c c2013 
300 |a xxvii, 439 [81 ]p.:  |b ill.(chiefly color) ;  |c 25cm 
504 |a Includes bibliographic references and index 
546 |a eng. 
650 |a Strategic planning 
650 |a Strategic management 
650 |a Strategic planning Case studies 
700 |a Hoskisson, Robert E.  
700 |a Hitt,, Michael A.  
942 |c BK 
999 |c 11195  |d 11195